000 01005nam a22002417a 4500
999 _c65898
_d65898
005 20240530110848.0
008 201102s2020 ua f b 000 0 ara d
017 _a2019/23083
_bمصر. دار الكتب
020 _a9789773195328
040 _aEG-CaGPL
_cEG-CaGPL
082 0 4 _221
_a079.5/
_bإ خ
100 0 _aايمان بالله ياسر
245 1 2 _aالخطاب الصحفى الافريقى :
_bتحليل للدور المصرى والاسرائيلى /
_cايمان بالله ياسر
250 _aط.1
260 _aالقاهرة :
_bالعربى للنشر و التوزيع،
_c2020.
300 _a280 ص. ؛
_c24 سم.
504 _aيشتمل على ارجاعات ببليوجرافية
650 0 7 _2qrmak
_aالصحف
_xافريقيا
651 0 7 _2qrmak
_aافريقيا
_xالعلاقات الخارجية
_zمصر
651 0 7 _2qrmak
_aافريقيا
_xالعلاقات الخارجية
_zاسرائيل
942 _2ddc
_cBK